| 000 | 00474nam a2200121Ia 4500 | ||
|---|---|---|---|
| 008 | 220216s9999 xx 000 0 und d | ||
| 100 | _aGuriya K C | ||
| 245 | 0 | _aMorphology and physical properties of closed cell microcellular ethylene propylene diene terpolymer (EPDM) rubber vulcanizates-effect of silica filler and blowing agent | |
| 260 |
_bPlastics Rubber and Composites: Processing and Applications _c1995 |
||
| 300 | _a193-200 | ||
| 700 | _aTripathy D K | ||
| 942 | _cJS | ||
| 999 |
_c63285 _d63285 |
||